Normal view MARC view

Entry Personal Name

Number of records used in: 3

001 - CONTROL NUMBER

  • control field: 21836

003 - CONTROL NUMBER IDENTIFIER

  • control field: dpl

005 - DATE AND TIME OF LATEST TRANSACTION

  • control field: 20100927105003.0

008 - FIXED-LENGTH DATA ELEMENTS

  • fixed length control field: 100927|||a|||||| | ||| d

040 ## - CATALOGING SOURCE

  • Original cataloging agency: dpl
  • Transcribing agency: dpl

100 ## - HEADING--PERSONAL NAME

  • Personal name: Dinesh Kumar

670 ## - SOURCE DATA FOUND

  • Source citation: Work cat.: (dpl)34941: Dinesh Kumar , Bookhive's master resource book on MAT (Management Aptitude Test):, 2010

670 ## - SOURCE DATA FOUND

  • Source citation: Work cat.: (dpl)34941: Dinesh Kumar , Bookhive's master resource book on MAT (Management Aptitude Test):, 2010

© Delhi Public Library
Hit Counter
free hit counter